Schizophrenia, Schizophrenia

Rapid Reference to schizophrenia provides the reader with authoritative and accessible information from a clinical expert in the field, to assist with treatment decisions. The contain covers the diagnosis, prevention, treatment, and management of anxiety disorders. the book also provides standard co...

Cur síos iomlán

Đã lưu trong:
Sonraí Bibleagrafaíochta
Príomhúdar: Jones, Peter B
Formáid: Leabhar
Teanga:Undetermined
Foilsithe: London Mosby 2003
Ábhair:
Clibeanna: Cuir Clib Leis
Gan Chlibeanna, Bí ar an gcéad duine leis an taifead seo a chlibeáil!
Thư viện lưu trữ: Trung tâm Học liệu Trường Đại học Cần Thơ
LEADER 01212nam a2200205Ia 4500
001 CTU_126458
008 210402s9999 xx 000 0 und d
020 |c 22.95 
082 |a 616.8982 
082 |b J78 
100 |a Jones, Peter B 
245 0 |a Schizophrenia, Schizophrenia 
245 0 |c Peter B Jones; Peter Buckley 
260 |a London 
260 |b Mosby 
260 |c 2003 
520 |a Rapid Reference to schizophrenia provides the reader with authoritative and accessible information from a clinical expert in the field, to assist with treatment decisions. The contain covers the diagnosis, prevention, treatment, and management of anxiety disorders. the book also provides standard core content (epidemiology - management/ therapy) combined with the additional information, such as FAQs and patient organisations, needed by the GP to provide effective patient care. It also includes drugs listings, clinical trials, information on future developments and web site listings to keep the reader up to speed with new developments and to extend their knowledge of the disease area 
650 |a Schizophrenia 
904 |i Minh, Huỳnh Mai 
980 |a Trung tâm Học liệu Trường Đại học Cần Thơ